Something To Believe In - Newsies The Musical - Lyrics - Statistics

General Stats
  • This quiz has been taken 35 times
  • The average score is 234 of 259
Answer Stats
Character Lyric % Correct
Somethin'
100%
somethin'
100%
a
95%
An
95%
an
95%
And
95%
and
95%
be
95%
believe
95%
But
95%
but
95%
day
95%
even
95%
For
95%
forever
95%
I
95%
if
95%
Jack (spoken) If
95%
in
95%
in?
95%
may
95%
night
95%
on
95%
That
95%
that
95%
that's
95%
That's
95%
to
95%
tomorrow
95%
Jack We
95%
we
95%
alright
89%
angel
89%
believed
89%
by
89%
come
89%
do
89%
Jack & Katherine Do
89%
does
89%
eyes
89%
Fe
89%
gave
89%
going
89%
gone
89%
have
89%
I'm
89%
into
89%
it
89%
know
89%
knows
89%
Look
89%
love
89%
me
89%
meant
89%
meet
89%
more
89%
my
89%
never
89%
Jack (spoken) No,
89%
not
89%
Now
89%
okay
89%
one
89%
One
89%
passin'
89%
Santa
89%
save
89%
see
89%
she
89%
Something
89%
something
89%
still
89%
stranger
89%
street
89%
sweet
89%
the
89%
The
89%
then
89%
was
89%
were
89%
weren't
89%
what
89%
What
89%
Katherine (spoken) What,
89%
Who
89%
why
89%
will
89%
you
89%
your
89%
you're
89%
Katherine (spoken) You're
89%
am
84%
didn't
84%
different
84%
Katherine (spoken) Don't
84%
father
84%
found
84%
is
84%
moment
84%
of
84%
ours
84%
really
84%
scared
84%
someone
84%
things
84%
wasn't
84%
after
79%
bring
79%
decides
79%
finds
79%
head
79%
heiress
79%
Just
79%
knew
79%
learning
79%
pretty
79%
sting
79%
thought
79%
true
79%
ways
79%
world
79%
Katherine 'Til
74%
No matching quizzes found
Score Distribution
Percent of People with Each Score
Percentile by Number Answered
Your Score History
You have not taken this quiz